| 000 | 01370nam2a22002531 4500 | ||
|---|---|---|---|
| 001 | RU\NLR\INFOCOMM5\1000381977 | ||
| 005 | 20260406083031.0 | ||
| 035 | _a(NLR Aleph) 002570618 | ||
| 090 |
_a3186118 _c3186118 |
||
| 100 | _a20040616d1912 |||y0rusy50 ca | ||
| 101 | 0 | _arus | |
| 102 | _aRU | ||
| 105 | _ay ||||||||| | ||
| 200 | 1 |
_aНесколько замечаний к зоологической коллекции, собранной в восточном Закавказье _fС.Д. Лавров |
|
| 210 |
_d1912 _aБ. м. |
||
| 461 | 0 |
_1001RU\NLR\INFOCOMM5\1000381709 _12001#$aПротоколы заседаний Общества естествоиспытателей при Казанском университете$iПриложения$v№275 _93183930 _aОбщество естествоиспытателей ((до 1917г.); Казань) _cКазань _d1871-1915 _iПриложения _tПротоколы заседаний Общества естествоиспытателей при Казанском университете _v№275 |
|
| 700 | 1 |
_4070 _7ca _8rus _aЛавров _bС. Д. _cэнтомолог _f1884-1951 _gСергей Дмитриевич _3RU\NLR\AUTH\770277775 _92649742 |
|
| 801 | 1 |
_aRU _bInfoComm _c20040616 |
|
| 801 | 0 |
_aRU _bNLR _gPSBO |
|
| 852 |
_aNLR _j2/1458 |
||
| 942 | _cISSUE | ||
| 980 | _aNB | ||
| 980 | _aRUSPER | ||